Statistiken für Kanadische Städte Karten-Quiz

Klicken Sie hier um das Quiz zu spielen!

Allgemein

  • Dieses Quiz wurde 3.522 mal gespielt
  • Das Durchschnittsergebnis liegt bei 8 aus 21

Antworten auf der Karte

Die Antworten werden auf der Karte rot bzw. grün angezeigt, abhängig davon wie oft sie richtig erraten wurden.
 

Antwortstatistiken

Antwort% Korrekt
Vancouver
65%
Toronto
64%
Québec
56%
Montreal
53%
Ottawa
51%
Calgary
45%
Halifax
42%
Victoria
40%
Edmonton
38%
Winnipeg
36%
Iqaluit
33%
St. John’s
32%
Yellowknife
32%
Regina
28%
Whitehorse
28%
Thunder Bay
26%
Churchill
22%
Windsor
22%
Charlottetown
21%
Fort McMurray
20%
Sault Ste. Marie
20%

Verteilung der Resultate

Perzentil nach korrekt beantworteten Fragen

Anzahl Personen mit jedem Resultat

Ihre Resultats-Entwicklung

Sie haben dieses Quiz noch nicht gespielt